Biofilické prvky v interiéri
Gespeichert in:
| 1. Verfasser: | |
|---|---|
| Weitere Verfasser: | |
| Format: | Manuskript Buch |
| Sprache: | Slowakisch |
| Veröffentlicht: |
Bratislava
2023
|
| Schlagworte: | |
| Online-Zugang: | http://is.stuba.sk/zp/portal_zp.pl?podrobnosti=155832 |
| Tags: |
Keine Tags, Fügen Sie das erste Tag hinzu!
|
MARC
| LEADER | 00000ntm a22000003a 4500 | ||
|---|---|---|---|
| 001 | stuzp94257 | ||
| 003 | SK-STU | ||
| 005 | 20231005105616.4 | ||
| 007 | ta | ||
| 008 | 150427s2015----xo-----f-mn---000-0-slo-d | ||
| 040 | |a STU |b slo | ||
| 041 | 0 | |a slo | |
| 100 | 1 | |a Poláčková, Natália |u 059190 |4 aut |U FAD Fakulta architektúry a dizajnu |T FAD Ústav dizajnu |X 103758 |U A9190 |Y 400 |7 103758 | |
| 242 | 0 | 1 | |a Biophilic elements in indoor spaces |y eng |
| 245 | 1 | 0 | |a Biofilické prvky v interiéri |
| 260 | |c 2023 |a Bratislava | ||
| 650 | 4 | |a statické interiéry |2 slo | |
| 650 | 4 | |a Covid-19 |2 slo | |
| 650 | 4 | |a čistička vzduchu |2 slo | |
| 650 | 4 | |a NonOilen |2 slo | |
| 650 | 4 | |a parametrický dizajn |2 slo | |
| 650 | 4 | |a nerytmické zmyslové podnety |2 slo | |
| 650 | 4 | |a biofília |2 slo | |
| 650 | 4 | |a pohyb |2 slo | |
| 650 | 4 | |a vzduch |2 slo | |
| 650 | 4 | |a dizajn |2 slo | |
| 650 | 4 | |a biophilia |2 eng | |
| 650 | 4 | |a parametric design |2 eng | |
| 650 | 4 | |a Covid-19 |2 eng | |
| 650 | 4 | |a air |2 eng | |
| 650 | 4 | |a NonOilen |2 eng | |
| 650 | 4 | |a design |2 eng | |
| 650 | 4 | |a air purifier |2 eng | |
| 650 | 4 | |a non-rhythmic sensory stimuli |2 eng | |
| 650 | 4 | |a static interiors |2 eng | |
| 650 | 4 | |a motion |2 eng | |
| 700 | 1 | |a Antony, Tibor |u 059190 |k Z1 |4 ths |U FAD Fakulta architektúry a dizajnu |T FAD Ústav dizajnu |X 15543 |U A9190 |Y 400 |7 A000015543 | |
| 856 | 4 | |u http://is.stuba.sk/zp/portal_zp.pl?podrobnosti=155832 |u https://opac.crzp.sk/?fn=detailBiblioForm&sid=C03CB0FBA6588971DF3826D1B6BF | |